000 00873nam a2200277 i 4500
001 000001998
003 DO-SdBNP
005 20250808111913.0
007 ta
008 090630s2012 dr r 000 0 spa d
020 _a9789945475333
040 _aDO-SdBNP
_bspa
_cBNPHU
_erda
041 _aspa
082 _axxx
_bA683E
_222
100 1 _aArévalo Arias, Luis Ricardo,
_d1983-
_eautor
_4aut.
_96473
245 1 0 _aErnesto Cardenal :
_bdel paso a la explosión /
_cLuis Ricardo Arévalo Arias.
264 4 _aSanto Domingo :
_bEdiciones Ferilibro,
_c©2012.
300 _a56 páginas
_c23 cm.
336 _atexto
_btxt
_2rdacontent
337 _asin mediación
_bn
_2rdamedia
338 _avolumen
_bnc
_2rdacarrier
500 _aIncluye datos biografícos del autor en la solapa de la cubierta.
590 _aInventariado, 2022 / DG
910 _aDG
942 _2ddc
_cLBS1
999 _c52371
_d52371